Lectures on hyperbolic geometry /

Guardado en:
Autor Principal: Benedetti, Riccardo.
Otros Autores: Petronio, Carlo, 1966-
Formato: Libro
Idioma:English
Publicado: Berlin : Springer-Verlag, c1992.
Series:Universitext
Materias:
Acceso en línea:Google Book Search
Etiquetas: Agregar Etiqueta
Sin Etiquetas, Sea el primero en etiquetar este registro!
LEADER 00898cam a2200253 a 4500
001 MAT.inmabb004225
008 920521s1992####gw#a#####b####001#0#eng##
005 20130311150306.0
245 1 0 |a Lectures on hyperbolic geometry /  |c Riccardo Benedetti, Carlo Petronio. 
260 |a Berlin :  |b Springer-Verlag,  |c c1992. 
300 |a xiv, 330 p. :  |b il. ;  |c 24 cm. 
440 0 |a Universitext 
504 |a Incluye referencias bibliográficas (p. [326]-330) e índice. 
510 4 |a MR,  |c 94e:57015 
020 |a 354055534X (Berlin) 
020 |a 038755534X (New York) 
100 1 |a Benedetti, Riccardo. 
700 1 |a Petronio, Carlo,  |d 1966- 
650 0 |a Geometry, Hyperbolic. 
084 |a 57M50 (30F40 30F60 51M10 57N10)  |2 msc2000 
010 |a  92020163  
040 |a DLC  |c DLC  |d DLC 
856 4 |u http://books.google.com/books?vid=ISBN354055534X  |y Google Book Search 
859 |h 57  |i B462  |p A-6582  |b BIB. MATEMATICA